000 00849nam a2200241 4500
999 _c2801
_d2801
006 a||||go||d| 00| 0
007 cr |||||||||||
008 861201s1980 enka o 001 0 eng d
020 _a9780444418470
_c(ebook)
040 _aKO
_beng
082 0 0 _a574.52636
_223
245 0 0 _aMarine environmental pollution, v. 1. Hydrocarbons /
_cedited by Richard A. Geyer.
260 _aAmsterdam :
_bElsevier Scientific Pub. Co. ;
_bdistributors for the U.S. and Canada, Elsevier/North-Holland,
_c1980.
300 _a1 online resource
490 0 _aElsevier oceanography series ;
_vv. 27A-27B
504 _aIncludes bibliographies and indexes.
505 0 _av. 1. Hydrocarbons
650 0 _aMarine pollution.
700 1 _aGeyer, Richard A.
_eedt
856 4 0 _uhttps://www.sciencedirect.com/science/book/9780444418470
942 _cEB